Responses for Show #2403 - Wednesday, February 1, 1995

Contestants

[<< previous game]

Hillary Dekker, a stage mother originally from Bridgend, Wales

Gerald Demaree, a property administrator from San Diego, California

Jim Spellane, a public relations director from Washington, D.C. (whose 1-day cash winnings total $13,800)

[next game >>]

Jeopardy! Round responses

WORLD CITIES
THE EMMYS
VALENTINE'S DAY
1956
COLLEGES & UNIVERSITIES
STARTS WITH "F"
    $100 1
St. Petersburg

Jim
    $100 26
Burt Reynolds

Hillary
    $100 21
red

Jim
    $100 6
(Gerald: What is Grant?)
...
(Alex: 1956 the category.)

Eisenhower

JimGerald
    $100 16
Harvard

Jim
    $100 11
(Gerald: What's a piccolo?)
...
(Alex: Starts with the letter F.)

a fife

GeraldHillary
    $200 2
Sydney

Hillary
    $200 27
(Hillary: What is Sesame Street?)

Captain Kangaroo

JimHillary
    $200 22
February

Jim
    $200 7
Argentina

Gerald
    $200 17
Indiana

Jim
    $200 12
flag

Jim
    $300 3
(Jim: What is Rio de Janeiro?)
(Hillary: What is Brasilia?)

Sao Paulo

JimGeraldHillary
    $300 28
Alan Alda

Jim
    $300 23
Easter

Hillary
    $300 8
Rocky Marciano

Jim
    $300 18
(Jim: What is the City University of New York?)
(Gerald: What is Fordham?)
(Hillary: What is the University of New York?)

Columbia University

JimGeraldHillary
Triple Stumper
    $300 13
a fedora

Hillary
    $400 4
Osaka

Jim
    $400 29
Allen Ludden

Triple Stumper
    $400 24
"My Funny Valentine"

Hillary
    $400 9
Martin Luther King, Jr

Jim
    $1,000 19
Stanford

Jim
    $400 14
a fan

Hillary
    $500 5
Turin

Jim
    $500 30
Hill Street Blues

Jim
    $500 25
Ophelia

Jim
    $500 10
H.L. Mencken

Gerald
    $500 20
Cornell

Jim
    $500 15
(Gerald: What is a Flemander?)

the Flemish

JimGerald

Scores at the first commercial break (after clue 15):

Jim Gerald Hillary
$2,200 $300 $700

Scores at the end of the Jeopardy! Round:

Jim Gerald Hillary
$5,500 $0 $1,000

Double Jeopardy! Round responses

U.S. U.N. AMBASSADORS
SCIENCE
MAGAZINES
COLORADO
NOTABLE NAMES
LITERATURE
    $200 11
George Bush

Triple Stumper
    $200 13
the aorta

Jim
    $200 23
(Alex: We have a minute left.)

TV Guide

Hillary
    $200 18
Pope John Paul II

Jim
    $200 15
Peach Melba

Jim
    $200 2
Goodbye, Mr. Chips

Jim
    $400 12
the Supreme Court

Gerald
    $400 7
(Jim: What is the cougar?)

the bighorn sheep

JimGerald
    $400 19
Hershey

Jim
    $400 3
Paradise Lost

Jim
    $600 14
(Gerald: Who was Luce?)

(Jeane) Kirkpatrick

GeraldHillary
    $3,000 28
[The end-of-round signal sounds.]

igneous

Gerald
    $600 24
Spy

Jim
    $600 8
a railroad

Gerald
    $600 20
Ansel Adams

Jim
    $600 4
Madame Bovary

Hillary
    $800 16
Daniel Patrick Moynihan

Jim
    $800 27
Planck

Gerald
    $800 26
Modern Maturity

Triple Stumper
    $800 9
Telluride

Gerald
    $800 21
Thomas Hart Benton

Jim
    $800 5
Kidnapped

Gerald
    $1000 17
Henry Cabot Lodge (Jr.)

Jim
    $1000 1
(Gerald: [Without signaling] Who was [*]?)
...
(Alex: Yes, Gerald, nice of you to give her the response. You've got that signaling button. Use it.)

Carolus Linnaeus

Hillary
    $1000 25
McCall's

Triple Stumper
    $1000 10
William Jennings Bryan

Jim
    $1,900 22
Reuters

Jim
    $1000 6
Kurtz

Triple Stumper

Scores at the end of the Double Jeopardy! Round:

Jim Gerald Hillary
$13,400 $6,200 $3,400
(lock game)

[wagering suggestions for these scores]

Final Jeopardy! Round responses

SENATORS
(Alex: The first Black woman elected to the United States Senate.)
HillaryWho is Thomas Dekker
$0
GeraldWho is ?
$601
JimWho is Carol M. Braun
$600
Carol Moseley-Braun

Final scores:

Jim Gerald Hillary
$14,000 $5,599 $3,400
2-day champion: $27,800 2nd place: Psion pocket computer + Franklin Digital Book System 3rd place: Samsung fax machine

Game dynamics:

Coryat scores:

Jim Gerald Hillary
$11,900 $3,800 $3,400
31 R
(including 2 DDs),
3 W
10 R
(including 1 DD),
5 W
11 R,
3 W

Combined Coryat: $19,100

[game clues] [game scores] [suggest correction]

Game tape date: 1994-11-09
The J! Archive is created by fans, for fans. Scraping, republication, monetization, and malicious use prohibited; this site may use cookies and collect identifying information. See terms. The Jeopardy! game show and all elements thereof, including but not limited to copyright and trademark thereto, are the property of Jeopardy Productions, Inc. and are protected under law. This website is not affiliated with, sponsored by, or operated by Jeopardy Productions, Inc. Join the discussion at JBoard.tv.